000
00326nam a22001337a 4500
008
181107b xxu||||| |||| 00| 0 eng d
020
_a
9780809242573
041
_a
eng
080
_a
531
100
_a
43
101
_a
FIZ
245
_a
Superstrings: and the search for the Theory of Everything
_c
Pead, F.D
942
_2
udc
_c
BK
999
_c
52237
_d
52237